[Event "BL2 West 1617 (Women)"]
[Site "Germany"]
[Date "2016.10.22"]
[Round "1.6"]
[White "Konietzka, Yvonne"]
[Black "Rommeck, Christiane"]
[Result "0-1"]
[WhiteElo "1438"]
[BlackElo "1562"]
[PlyCount "64"]
[EventDate "2016.10.22"]
[EventType "team-tourn"]
[EventRounds "7"]
[EventCountry "GER"]
[SourceTitle "EXT 2018"]
[Source "ChessBase"]
[SourceDate "2017.10.13"]
[SourceVersion "1"]
[SourceVersionDate "2017.10.13"]
[SourceQuality "1"]
[WhiteTeam "Horst Emscher (W)"]
[BlackTeam "Kiel Doppelbauer (W)"]
[WhiteTeamCountry "GER"]
[BlackTeamCountry "GER"]

1. e4 d5 2. e5 c5 3. Nf3 Bg4 4. Be2 Nc6 5. c3 e6 6. d4 Bxf3 7. Bxf3 cxd4 8. cxd4 Bb4+ 9. Nc3 Nge7 10. 0-0 0-0 11. Be3 Rc8 12. Rc1 Bxc3 13. bxc3 Na5 14. Be2 Nf5 15. Bd2 Nc4 16. Bxc4 Rxc4 17. Qg4 Qh4 18. Qxh4 Nxh4 19. Rb1 b6 20. f4 Nf5 21. g4 Ne7 22. f5 Ra4 23. Rb2 Nc6 24. Rfb1 Na5 25. Be1 Nc4 26. Re2 Rc8 27. Rb4 Rxb4 28. cxb4 Na3 29. h4 Rc4 30. Re3 Nc2 31. Re2 Nxe1 32. Rxe1 Rxd4 0-1

[Event "GER-chT Federal Cup (Women)"]
[Site "Braunfels"]
[Date "2016.05.26"]
[Round "1.8"]
[White "Konietzka, Yvonne"]
[Black "Flach, Helene"]
[Result "0-1"]
[WhiteElo "1387"]
[BlackElo "1629"]
[PlyCount "78"]
[EventDate "2016.05.26"]
[EventType "team-swiss"]
[EventRounds "5"]
[EventCountry "GER"]
[SourceTitle "EXT 2019"]
[Source "ChessBase"]
[SourceDate "2018.10.10"]
[SourceVersion "1"]
[SourceVersionDate "2018.10.10"]
[SourceQuality "1"]
[WhiteTeam "Nordrhein Westfalen (W) II"]
[BlackTeam "Hessen (W)"]
[WhiteTeamCountry "GER"]
[BlackTeamCountry "GER"]

1. e4 c5 2. Nf3 e6 3. d4 cxd4 4. Nxd4 a6 5. Nc3 Qc7 6. a3 Nf6 7. Bd3 d6 8. 0-0 Be7 9. Re1 b5 10. b4 Qxc3 11. Be3 Nbd7 12. Nf3 Qc7 13. Qd2 Bb7 14. Rac1 Nb6 15. e5 Nfd5 16. Bd4 0-0 17. c3 h6 18. h3 Rac8 19. Re4 f5 20. exd6 Qxd6 21. Be5 Qd7 22. Rd4 Qe8 23. Re1 Nd7 24. Bxg7 Kxg7 25. Rxe6 Rf6 26. Bxf5 Qf7 27. Rg4+ Kf8 28. Rg6 Rxe6 29. Qxh6+ Ke8 30. Bxe6 Qf4 31. Rg8+ Bf8 32. Qg6+ Kd8 33. Qg7 Ne7 34. Kf1 Kc7 35. Qh7 Nf6 36. Qd3 Rd8 37. Qe2 Nexg8 38. Qc2 Bxf3 39. Bxg8 Rd1+ 0-1

[Event "BL2 West 1516 (Women)"]
[Site "Germany"]
[Date "2016.02.28"]
[Round "7.6"]
[White "Stoffers, Elsbeth"]
[Black "Konietzka, Yvonne"]
[Result "0-1"]
[WhiteElo "1476"]
[BlackElo "1447"]
[PlyCount "132"]
[EventDate "2015.09.26"]
[EventType "team-tourn"]
[EventRounds "7"]
[EventCountry "GER"]
[SourceTitle "EXT 2017"]
[Source "ChessBase"]
[SourceDate "2016.10.25"]
[SourceVersion "1"]
[SourceVersionDate "2016.10.25"]
[SourceQuality "1"]
[WhiteTeam "Steinfurt (W)"]
[BlackTeam "Horst Emscher (W)"]
[WhiteTeamCountry "GER"]
[BlackTeamCountry "GER"]

1. d4 d5 2. c4 c6 3. cxd5 cxd5 4. Nc3 Nf6 5. Nf3 Bf5 6. Bf4 e6 7. e3 Nbd7 8. a3 Be7 9. Bd3 Ne4 10. Bxe4 dxe4 11. Nd2 Nf6 12. Qa4+ Qd7 13. Qxd7+ Kxd7 14. Bg5 h6 15. Bxf6 Bxf6 16. Ndxe4 Be7 17. Nc5+ Kc7 18. Rc1 Rac8 19. 0-0 f6 20. Nb3 Kb8 21. e4 Bg4 22. h3 Bh5 23. d5 exd5 24. Nxd5 Bd6 25. Rxc8+ Rxc8 26. Rc1 Bf7 27. Rxc8+ Kxc8 28. Nd2 Be5 29. Nc4 Bxd5 30. exd5 Bd4 31. Kf1 b5 32. Nd6+ Kd7 33. Nxb5 Bxb2 34. a4 a6 35. Na7 Kd6 36. Nc6 Bc3 37. Ke2 Kxd5 38. Kd3 Be1 39. Ne7+ Ke6 40. Ng6 Bxf2 41. Nf4+ Kf5 42. Nd5 a5 43. Ne7+ Kf4 44. Ke2 Bc5 45. Nc6 Bb6 46. Kf1 h5 47. Ne7 Bc5 48. Nc6 Bb6 49. Ne7 Bd4 50. Nc6 Bc3 51. Kf2 h4 52. Ne7 Bd4+ 53. Kf1 g5 54. Nc6 Bc3 55. Ne7 Ke4 56. Ke2 Kd4 57. Nc6+ Kc4 58. Kd1 Kb3 59. Kc1 Kxa4 60. Kc2 Bb4 61. Nd4 Bc5 62. Nb3 Kb4 63. Nc1 Kc4 64. Na2 Bb4 65. Nc1 Kd4 66. Kd1 Ke3 0-1

[Event "Ruhrgebiet VL2 0910"]
[Site "Germany"]
[Date "2010.04.18"]
[Round "9.8"]
[White "Holtkamp, Patrik"]
[Black "Konietzka, Yvonne"]
[Result "1-0"]
[WhiteElo "1782"]
[BlackElo "1438"]
[PlyCount "49"]
[EventDate "2009.09.06"]
[EventType "team-tourn"]
[EventRounds "9"]
[EventCountry "GER"]
[SourceTitle "EXT 2011"]
[Source "ChessBase"]
[SourceDate "2010.11.26"]
[SourceVersion "1"]
[SourceVersionDate "2010.11.26"]
[SourceQuality "1"]
[WhiteTeam "Eichlinghofen SV"]
[BlackTeam "Horst Emscher II"]
[WhiteTeamCountry "GER"]
[BlackTeamCountry "GER"]

1. d4 d5 2. c4 c6 3. cxd5 cxd5 4. Nc3 Nf6 5. Nf3 e6 6. Bg5 Nbd7 7. e3 a6 8. Bd3 Bd6 9. 0-0 0-0 10. Qc2 Qc7 11. Rac1 b5 12. Qb1 Bb7 13. Nxb5 Qb8 14. Nxd6 Qxd6 15. Bf4 Qb6 16. Ne5 Nxe5 17. Bxe5 Ne4 18. Qc2 f5 19. f3 Ng5 20. Qc7 Qxc7 21. Rxc7 Rf7 22. Rfc1 a5 23. h4 Nxf3+ 24. gxf3 h5 25. Rxf7 1-0